| 000 | 00516nam a22001937a 4500 | ||
|---|---|---|---|
| 001 | 24225 | ||
| 003 | BD-RjUL | ||
| 005 | 20211209001025.0 | ||
| 008 | 140312b1961 P ||||| |||| 00| 0 eng d | ||
| 035 | _a(BD-RjUL)24291 | ||
| 040 |
_aBD-RjUL _beng _cBD-RjUL |
||
| 041 | _aeng | ||
| 082 |
_a920.2 _bAZS 1981 |
||
| 100 |
_aAzam M. A. _974622 |
||
| 245 |
_aA soul grows in the East : _cA. M. Azam _ban autobiography / |
||
| 260 |
_aKarachi : _bma'aref ltd. _c1961, 1981. |
||
| 300 |
_a160 p. ; _c24 cm. |
||
| 942 |
_2ddc _cBK |
||
| 999 |
_c24225 _d24225 |
||